1010 1639 1322 1628 1229 1619 1789 1493 1972 1771 1299 1714 1017 1874 1588 1779 1454 1185 1493 1655 1388 1978 1494 1131 1987 1798 1171 1581 1862 1422 1179 1047 1619 1409 1044 1834 1338 1610 1281 1297 1643 1554 1607 1003 1589 1918 1626 1402 1197 1356 1876 1675 1000 1045 1025 1550 1438 1483 1239 1513 1912 1597 1396 1782 1811 1836 1327 1901 1795 1610 1288 1489 1264 1771 1458 1331 1716 1907 1927 1706 1827 1423 1050 1482 1269 1665 1252 1284 1124 1020 1339 1952 1280 1167 1547 1944 1413 1528 1690 BCNSPRNW ULIB Ver.6.0+V

เปลี่ยนเป็นภาษาไทย

Change to English
 แสดงรายละเอียดบรรณานุกรม
  กลับหน้าหลัก

Brief Record : Get Marc (ISO 2709) : E-mail record : QR code < ปิดหน้าต่าง
LEADER : 00000nam 2200000uu 4500
001    13399113565
003     ULIB
008    111128s2551||||th 000 0 tha d
020    ^a9789741062065
090    ^aนว.^bA111ร 2551
100 0  ^aThe Little Finger
245 00 ^aเรือนรักที่พักใจ/^cAndra
250    ^aพิมพ์ครั้งที่ 2
260    ^aกรุงเทพฯ :^bแจ่มใส,^c2551
300    ^a346 หน้า
710 1  ^aแจ่มใส
945    ^p219^l0^i15324
995    ^aกัณชพร
999    ^aใช้งานได้ทุกระบบ
รายการนี้ยังไม่มีแท็ก
คุณยังไม่ได้ล็อกอิน คุณสามารถมีกิจกรรมร่วมกับเว็บไซต์ได้ แต่ต้องล็อกอินก่อน ::
  ล็อกอิน

รายการสื่อสารสนเทศ

ลำดับที่ ประเภท เลขเรียก/บาร์โค้ด สถานที่ สถานะ
1. นวนิยาย
นวนิยาย
นว. A111ร 2551  
  Barcode: 15324
ห้องสมุดวิทยาเขตสวรรค์ประชารักษ์
►นวนิยาย
บนชั้น
  ขอยืม

รายการใกล้เคียง
    ผู้แต่ง [The Little Finger]

BibComment


ยังไม่เคยถูกคอมเมนท์

คอมเมนท์ทรัพยากรรายการนี้
  คอมเมนท์: เรือนรักที่พักใจ..


 Copyright 2026. Bcnsprnw @Library